000 00566cam a22002053a 4500
001 34861
003 PGUSA
005 20140828083743.0
008 110105s2011||||xxu|||||s|||||000 | eng d
040 _aPGUSA
_beng
042 _adc
100 1 _aSavile, Frank
_q(Frank Mackenzie)
245 1 4 _aThe Pursuit
_h[electronic resource] /
_cFrank Savile
260 _bProject Gutenberg,
_c2011
506 _aPublic domain in the USA.
516 _aElectronic text
830 0 _aProject Gutenberg
_v34861
856 4 0 _uhttp://www.gutenberg.org/ebooks/34861
942 _cEB
999 _c264116
_d264116